000 00617nam a2200217Ia 4500
005 20250508164725.0
008 008 250505s9999 xx 000 0 eng d
020 _a0 86806 207 9
037 _aTextual
040 _aFEDL
_beng
_cFEDL
041 _aeng
_2eng
084 _a153.42, DEB
_qFEDL
100 _aDe Bono Edward
_9277537
245 0 _aEdward De Bono's masterthinker's hand book: A guide to innovative thinking
260 _aLondon, UK
_bPenguin Books
_c1985
300 _a150p.
365 _aGBP
_b6.99
546 _aMACESE
942 _cTEXL
_h153.42, DEB
999 _c1390767
_d1390767